[Event "Challenge"]
[Site "http://www.queenalice.com/game.php?id=728903"]
[Date "2010.2.9"]
[Round "-"]
[White "max_matriz"]
[Black "Chem_Eng_SWC"]
[Result "1-0"]
[WhiteElo "1316"]
[BlackElo "1288"]

1. e3 e5 2. Nf3 Nh6 3. Nxe5 Qf6 4. Nf3 Ng4 5. h3 Qh6 6. Nh2 Qf6 7. Nxg4 Qf5 8.
Bd3 Qd5 9. e4 Qd4 10. Rf1 Bd6 11. c3 Qc5 12. h4 Qh5 13. Rh1 Nc6 14. Be2 Qc5 15.
Qb3 Ne5 16. d4 Nd3+ 17. Bxd3 Qh5 18. Be2 b6 19. Ne3 Qg6 20. e5 Bxe5 21. dxe5 f6
22. h5 Qg5 23. exf6 gxf6 24. Nd5 Qxg2 25. Rh4 Rg8 26. Nxc7+ Kf8 27. Qb4+ Kf7 28.
Bc4+ d5 29. Bxd5+ Qxd5 30. Nxd5 Re8+ 31. Be3 a5 32. Qxb6 Re6 33. Qb3 a4 34. Qc2
Ba6 35. Qxh7+ Ke8 36. Qg8+ Kd7 37. Qxa8 f5 38. h6 Bd3 39. Qxa4+ Kd6 40. Nf4 Re4
41. Qd1 Ke5 42. Nxd3+ 1-0

[Event "Let's Play Chess!"]
[Site "http://www.queenalice.com/game.php?id=737872"]
[Date "2010.2.26"]
[Round "-"]
[White "jeudes2"]
[Black "max_matriz"]
[Result "1-0"]
[WhiteElo "1814"]
[BlackElo "1224"]

1. d4 e6 2. c4 a5 3. Nf3 Bb4+ 4. Bd2 Ra6 5. e3 Nf6 6. Nc3 Ng4 7. h3 Nh6 8. Bd3
a4 9. e4 c6 10. O-O Bd6 11. c5 Bc7 12. Bxa6 Nxa6 13. a3 b5 14. b4 Bb8 15. e5 Ng8
16. Ne4 h6 17. Nh2 h5 18. f4 Nh6 19. Qxh5 g6 20. Qf3 Nf5 21. Nf6+ Ke7 22. Bc3
Nh4 23. Qg4 Nf5 24. Qg5 Kf8 25. Nhg4 Ba7 26. Nh7+ Ke8 27. Ngf6+ Ke7 28. g4 Ng7
29. Ne4+ f6 30. Qxf6+ Ke8 31. Nd6# 1-0

[Event "revanche"]
[Site "http://www.queenalice.com/game.php?id=748428"]
[Date "2010.3.19"]
[Round "-"]
[White "Givanildo"]
[Black "max_matriz"]
[Result "0-1"]
[WhiteElo "1370"]
[BlackElo "1249"]

1. e3 e6 2. Bc4 d5 3. Bb3 Nc6 4. c3 Na5 5. Ba4+ Bd7 6. b4 Nc6 7. d4 a6 8. b5
axb5 9. Bxb5 Nb8 10. Bxd7+ Qxd7 11. a4 Nf6 12. g4 Ne4 13. Nh3 Qc6 14. Qd3 Nd7
15. f3 Nef6 16. g5 Ng8 17. f4 Rxa4 18. Ba3 Ra8 19. Nf2 g6 20. Bxf8 Rxa1 21. Bg7
Qa6 22. O-O h5 23. Bxh8 h4 24. Ng4 Qxd3 25. Nf6+ Ndxf6 26. gxf6 Rxb1 27. Rxb1
Qxb1+ 28. Kg2 Qe1 29. c4 dxc4 30. d5 exd5 31. Bg7 Qxe3 32. Bh6 Nxh6 33. h3 c3
34. f5 gxf5 35. Kf1 Qxh3+ 36. Kg1 c2 37. Kf2 c1=Q 38. Ke2 Qhe3# 0-1

[Event "Challenge"]
[Site "http://www.queenalice.com/game.php?id=757374"]
[Date "2010.4.6"]
[Round "-"]
[White "max_matriz"]
[Black "babycrocket"]
[Result "0-1"]
[WhiteElo "1327"]
[BlackElo "1717"]

1. e4 e5 2. Nf3 Nc6 3. d3 h6 4. g4 Be7 5. h4 Nd4 6. Nxe5 Bxh4 7. Nf3 Nxf3+ 8.
Qxf3 Qe7 9. Rh2 d5 10. b3 Bf6 11. Ba3 Qe5 12. d4 Qxh2 13. Bb5+ c6 14. Bf1 Bxd4
15. Qg2 Qxg2 16. Bxg2 Bxa1 17. Bh3 Bf6 18. exd5 cxd5 19. Bg2 Be6 20. Bh3 Ne7 21.
Nd2 O-O 22. b4 Rfe8 23. b5 Ng6 24. Bc5 Bxg4+ 25. Be3 Bxh3 26. b6 d4 27. Nc4 axb6
28. Nxb6 Rxa2 29. Kd2 dxe3+ 30. fxe3 Bg5 31. Nc4 b5 32. Nd6 Rd8 33. Kc1 Rxd6 34.
Kb1 Ra4 35. Kb2 Bxe3 36. Kb3 Be6+ 37. Kb2 Ne5 38. c3 Rda6 39. Kc2 Ra1 40. Kb2
R6a2# 0-1

[Event "Final"]
[Site "http://www.queenalice.com/game.php?id=757388"]
[Date "2010.4.6"]
[Round "-"]
[White "max_matriz"]
[Black "Givanildo"]
[Result "1-0"]
[WhiteElo "1275"]
[BlackElo "1371"]

1. e3 e6 2. b3 Qf6 3. Nc3 a6 4. Rb1 b5 5. Ne4 Qf5 6. Ng3 Qd5 7. Bb2 Nh6 8. e4
Qe5 9. Bxe5 d6 10. Bd4 e5 11. Bc3 Bg4 12. f3 Bh5 13. Nxh5 Nd7 14. Ng3 g6 15. f4
Bg7 16. fxe5 dxe5 17. h4 O-O 18. h5 g5 19. Ba5 Rac8 20. Nf3 c5 21. Nxg5 Bf6 22.
Nf3 Ng4 23. h6 Kh8 24. Ng1 Bg5 25. Qxg4 f6 26. Qxd7 Bxd2+ 27. Kxd2 Rg8 28. Nf5
Rcf8 29. Rh3 Rg6 30. Qe7 Kg8 31. Qxc5 Rg4 32. Bb4 Rd8+ 33. Rd3 Rb8 34. Ne7+ Kf7
35. Nc6 Rbg8 36. Rd7+ Kg6 37. Ne7+ Kxh6 38. Qe3+ R8g5 39. Qh3+ Kg7 40. Nf5+ Kg8
41. Qxh7# 1-0

[Event "Challenge"]
[Site "http://www.queenalice.com/game.php?id=765297"]
[Date "2010.4.23"]
[Round "-"]
[White "max_matriz"]
[Black "thekleber"]
[Result "0-1"]
[WhiteElo "1325"]
[BlackElo "1500"]

1. d3 e6 2. e4 d5 3. exd5 exd5 4. d4 Be7 5. Bb5+ c6 6. Ba4 Nf6 7. Ne2 O-O 8. c3
Re8 9. h4 Bd6 10. h5 Ne4 11. f3 Ng3 12. Kf2 Nxh1+ 13. Qxh1 Qe7 14. h6 Qxe2+ 15.
Kg1 Qe1# 0-1

[Event "Challenge"]
[Site "http://www.queenalice.com/game.php?id=765298"]
[Date "2010.4.23"]
[Round "-"]
[White "max_matriz"]
[Black "welf"]
[Result "1-0"]
[WhiteElo "1370"]
[BlackElo "1395"]

1. e3 f5 2. f3 c5 3. f4 Nf6 4. Be2 d6 5. Bb5+ Bd7 6. a4 a6 7. Bc4 Nc6 8. c3 e6
9. Ra3 Na5 10. Be2 h5 11. g3 Nc6 12. Rb3 Qc8 13. Nf3 a5 14. Nh4 Be7 15. Ng6 Rh6
16. Nh4 Na7 17. c4 Bxa4 18. Nc3 Qc6 19. Bf3 d5 20. Nxa4 Qxa4 21. cxd5 c4 22.
Rxb7 Qa2 23. dxe6 Nc8 24. Bc6+ Kf8 25. Rc7 Nd6 26. Bxa8 Nb5 27. Rc8+ Ne8 28.
Nxf5 Rxe6 29. Qxh5 g6 30. Qh8+ Kf7 31. Rxe8 gxf5 32. Rg8 Rd6 33. h4 c3 34. bxc3
Qc2 35. Ke2 Nxc3+ 36. Kf2 Rxd2+ 37. Bxd2 Qxd2+ 38. Kg1 Qxe3+ 39. Kh2 Ne2 40.
Bd5+ Qe6 41. Qh7+ Kf6 42. Rg6# 1-0

[Event "AUTO-INT-1681"]
[Site "http://www.queenalice.com/game.php?id=765445"]
[Date "2010.4.24"]
[Round "1"]
[White "Danado"]
[Black "max_matriz"]
[Result "1-0"]
[WhiteElo "1604"]
[BlackElo "1332"]

1. e4 d6 2. d4 c6 3. Nf3 Bg4 4. Nc3 Qd7 5. Be2 a5 6. h3 Bh5 7. O-O Nf6 8. e5 Ng8
9. exd6 Qxd6 10. g4 Bg6 11. Bd3 h5 12. Bxg6 Qxg6 13. d5 hxg4 14. Ne5 gxh3+ 15.
Nxg6 fxg6 16. Kh2 cxd5 17. Nxd5 e6 18. Nc7+ Ke7 19. Nxa8 Nc6 20. Nb6 Nf6 21. Bg5
Ne5 22. Bxf6+ gxf6 23. f4 g5 24. fxe5 Kf7 25. Qd7+ Kg8 26. Rxf6 g4 27. Qf7# 1-0

[Event "AUTO-INT-1681"]
[Site "http://www.queenalice.com/game.php?id=765446"]
[Date "2010.4.24"]
[Round "1"]
[White "max_matriz"]
[Black "Danado"]
[Result "0-1"]
[WhiteElo "1375"]
[BlackElo "1643"]

1. e3 e5 2. Qf3 d5 3. Bb5+ Nc6 4. Nc3 Nf6 5. h4 a6 6. Ba4 Be6 7. h5 b5 8. Bb3 h6
9. a4 d4 10. Qxc6+ Nd7 11. axb5 Bxb3 12. cxb3 dxc3 13. bxc3 Be7 14. Rxa6 Rc8 15.
Nf3 O-O 16. g4 Nb8 17. Qc4 Nxa6 18. bxa6 Qd6 19. Rg1 Ra8 20. b4 Bf6 21. g5 hxg5
22. b5 Qe7 23. Qd5 Rfd8 24. Qc4 Kh7 25. Rh1 Kh6 26. Qa4 Rd5 27. Ba3 Qe8 28. c4
Rd6 29. Bxd6 cxd6 30. a7 Qd7 31. Qa6 Rxa7 32. Qb6 Ra1+ 33. Ke2 Rxh1 34. Qb8 Rxh5
35. b6 Qd8 36. Qa7 e4 37. Ne1 d5 38. cxd5 Be5 39. b7 Bb8 40. Qa6+ Kh7 41. Qa8
Rh6 42. Nc2 g4 43. Qa4 Qxd5 44. Qa8 Qd8 45. Nd4 Rb6 46. Qa5 Qc7 47. Qh5+ Rh6 48.
Qd5 Rb6 49. Qxe4+ Kg8 50. Qxg4 Qxb7 51. Nf5 g6 52. Nd4 Qa6+ 53. Kf3 Rf6+ 54. Kg2
Qd6 55. Qc8+ Kg7 56. Nf3 Rf5 57. Nd4 Qh2+ 58. Kf1 Qxf2# 0-1

[Event "AUTO-INT-1681"]
[Site "http://www.queenalice.com/game.php?id=765457"]
[Date "2010.4.24"]
[Round "1"]
[White "narutoninja"]
[Black "max_matriz"]
[Result "0-1"]
[WhiteElo "1718"]
[BlackElo "1315"]

1. e4 d6 2. Nf3 Bg4 3. Bc4 Qd7 4. d3 b5 5. Bb3 b4 6. O-O h5 7. Qe2 h4 8. Qe3 h3
9. g3 Nf6 10. e5 dxe5 11. Nxe5 Qc8 12. Ba4+ c6 13. Bd2 Nbd7 14. Bxc6 Rb8 15.
Qxa7 Rh5 16. f3 Rxe5 17. fxg4 Qxc6 18. Rf2 Nxg4 19. Bf4 Re1+ 0-1

[Event "AUTO-INT-1681"]
[Site "http://www.queenalice.com/game.php?id=765458"]
[Date "2010.4.24"]
[Round "1"]
[White "max_matriz"]
[Black "narutoninja"]
[Result "0-1"]
[WhiteElo "1377"]
[BlackElo "1768"]

1. e3 e5 2. Qf3 Nc6 3. Bc4 Nf6 4. g4 d5 5. Bb3 Bxg4 6. Qg2 Bb4 7. c3 Ba5 8. h3
Bh5 9. Qxg7 Kd7 10. Ba4 Rg8 11. Qh6 Rg6 12. Qxg6 hxg6 13. Bxc6+ bxc6 14. Na3 d4
15. Nc4 Bb6 16. cxd4 exd4 17. exd4 Bxd4 18. Ne5+ Bxe5 19. a4 Qe7 20. a5 Bxb2+
21. Kf1 Bxa1 22. a6 Re8 23. d3 Qe1+ 24. Kg2 Qxc1 25. Nf3 Bxf3+ 26. Kxf3 Qxh1+
27. Kg3 Be5+ 28. Kh4 Rh8+ 29. Kg5 Rh5# 0-1

[Event "AUTO-INT-1681"]
[Site "http://www.queenalice.com/game.php?id=765465"]
[Date "2010.4.24"]
[Round "1"]
[White "max_matriz"]
[Black "revival"]
[Result "0-1"]
[WhiteElo "1332"]
[BlackElo "1864"]

1. d3 e5 2. Nf3 Nc6 3. Bg5 Nf6 4. a4 h6 5. Bh4 Be7 6. Qd2 e4 7. dxe4 Nxe4 8. Qe3
Bxh4 9. Qxe4+ Be7 10. e3 d5 11. Qf4 Be6 12. g4 Bd6 13. Ne5 Nxe5 14. Qg3 Nd3+ 15.
Bxd3 Bxg3 16. hxg3 d4 17. exd4 Qxd4 18. Bb5+ c6 19. c3 Qe5+ 20. Be2 Bxg4 21. Kf1
Qxe2+ 22. Kg2 Bf3+ 23. Kh2 Qxf2+ 24. Kh3 Qg2+ 25. Kh4 g5# 0-1

[Event "AUTO-INT-1681"]
[Site "http://www.queenalice.com/game.php?id=765466"]
[Date "2010.4.24"]
[Round "1"]
[White "revival"]
[Black "max_matriz"]
[Result "0-1"]
[WhiteElo "1641"]
[BlackElo "1345"]

1. e4 d6 2. d4 Be6 3. Nf3 Qd7 4. Nc3 f5 5. d5 Bf7 6. Bb5 c6 7. dxc6 bxc6 8. Bd3
fxe4 9. Bxe4 Bh5 10. O-O Nf6 11. Bd3 Rg8 12. Re1 g5 13. Be2 g4 14. Nd4 c5 15.
Ne6 Qxe6 16. Bb5+ Qd7 17. Bxd7+ Nbxd7 18. g3 c4 19. Qxd6 Rg7 20. Bh6 Rf7 21.
Bxf8 Kxf8 22. Qd4 a5 23. Qxc4 Nb6 24. Qc6 Rb8 25. Rad1 Ne8 26. Nd5 Nc8 27. Nf4
Bg6 0-1

[Event "Challenge"]
[Site "http://www.queenalice.com/game.php?id=769692"]
[Date "2010.5.2"]
[Round "-"]
[White "max_matriz"]
[Black "Givanildo"]
[Result "0-1"]
[WhiteElo "1325"]
[BlackElo "1485"]

1. e3 e5 2. Qf3 f6 3. Qh5+ g6 4. Qg4 d6 5. Bb5+ c6 6. Qa4 Ne7 7. Bd3 Qb6 8. Qh4
Bg7 9. b3 Bf5 10. Ba3 Bxd3 11. cxd3 g5 12. Qh5+ Ng6 13. Bxd6 Nd7 14. Nc3 O-O-O
15. Na4 Qb5 16. Nc3 Qxd3 17. Bb4 c5 18. Ba3 Nb6 19. Rd1 Nd5 20. Bb2 Nxc3 21.
Bxc3 Nh4 22. Qg4+ f5 23. Qg3 e4 24. Bxg7 Rhg8 25. Qxg5 Ng6 26. Qxf5+ Rd7 27.
Qxc5+ Rc7 28. Qf5+ Kb8 29. Bd4 Nh4 30. Bxa7+ Ka8 31. Ne2 Nxg2+ 32. Kf1 Rf7 33.
Qa5 Nxe3+ 34. Bxe3+ Kb8 35. Qa7+ Kc7 36. Rc1+ Kd7 37. Qxb7+ Ke6 38. Qb6+ Kf5 39.
Rc5+ Kg4 40. Rg1+ Kf3 41. Rxg8 Qxe2+ 42. Kg1 Qd1# 0-1

[Event "Challenge-Revanche"]
[Site "http://www.queenalice.com/game.php?id=780122"]
[Date "2010.5.24"]
[Round "-"]
[White "max_matriz"]
[Black "Givanildo"]
[Result "0-1"]
[WhiteElo "1373"]
[BlackElo "1544"]

1. Nf3 f6 2. Nc3 c6 3. b4 d5 4. h3 g5 5. e3 e5 6. Nh2 h5 7. Be2 g4 8. h4 Bxb4 9.
Na4 b5 10. Nb2 e4 11. c3 Bd6 12. Nf1 f5 13. g3 Na6 14. a3 Nf6 15. Nh2 Bd7 16. a4
Nc5 17. axb5 Qb8 18. bxc6 Bxc6 19. Bf1 O-O 20. d4 exd3 21. Bxd3 Nxd3+ 22. Qxd3
Ne4 23. c4 Bb4+ 24. Kf1 Nxg3+ 25. fxg3 Qxg3 26. cxd5 Qh3+ 27. Kg1 Qg3+ 28. Kf1
Rad8 29. d6 Qe1# 0-1

[Event "Let's Play Chess!"]
[Site "http://www.queenalice.com/game.php?id=782178"]
[Date "2010.5.28"]
[Round "-"]
[White "lanzafame"]
[Black "max_matriz"]
[Result "0-1"]
[WhiteElo "1292"]
[BlackElo "1364"]

1. e4 Nc6 2. Bb5 Ne5 3. d4 Ng6 4. Bg5 f6 5. Be3 Nh4 6. Bc4 Nxg2+ 7. Ke2 e6 8.
Nh3 Bb4 9. Qg1 Nxe3 10. Kxe3 f5 0-1